[Event "BRA-ch U20 Girls"]
[Site "Concordia"]
[Date "2019.08.04"]
[Round "7"]
[White "Bonvini, Adriana Tonhati"]
[Black "Gomes, Sofia Leticia Pinz"]
[Result "1-0"]
[WhiteElo "1613"]
[BlackElo "1479"]
[PlyCount "95"]
[EventDate "2019.08.01"]
[EventType "swiss"]
[EventRounds "7"]
[EventCountry "BRA"]
[SourceTitle "EXT 2020"]
[Source "ChessBase"]
[SourceDate "2019.10.17"]
[SourceVersion "1"]
[SourceVersionDate "2019.10.17"]
[SourceQuality "1"]

1. e4 c5 2. c3 d5 3. exd5 Qxd5 4. d4 e6 5. Nf3 Nf6 6. Bd3 Nc6 7. 0-0 Be7 8. Be3 0-0 9. Qc2 h6 10. Nbd2 Ng4 11. Be4 Nxe3 12. fxe3 Qd7 13. Nc4 cxd4 14. exd4 Qc7 15. h3 Rb8 16. Rad1 b6 17. Nce5 Nxe5 18. Nxe5 Bf6 19. Nc6 Ba6 20. Rxf6 gxf6 21. Nxb8 Rxb8 22. Qf2 f5 23. Bb1 Rd8 24. Re1 Bb7 25. Re3 f4 26. Re5 Rd5 27. Qxf4 Rxe5 28. Qxe5 Qc6 29. Qg3+ Kf8 30. Kf2 Ke7 31. Qf3 Qxf3+ 32. gxf3 Kf6 33. Be4 Ba6 34. f4 Bc4 35. b3 Bd5 36. Bxd5 exd5 37. c4 Ke7 38. Ke3 Kd6 39. f5 f6 40. Kf4 h5 41. Kg3 dxc4 42. bxc4 b5 43. cxb5 Kd5 44. a4 Kxd4 45. a5 Kc5 46. b6 axb6 47. axb6 Kxb6 48. Kh4 1-0

[Event "BRA-ch U14 Girls"]
[Site "Florianopolis"]
[Date "2018.04.30"]
[Round "5"]
[White "Gomes, Sofia Leticia Pinz"]
[Black "Felix, Jhulia Vitoria"]
[Result "1-0"]
[WhiteElo "1536"]
[BlackElo "1377"]
[PlyCount "79"]
[EventDate "2018.04.28"]
[EventType "swiss"]
[EventRounds "6"]
[EventCountry "BRA"]
[SourceTitle "EXT 2021"]
[Source "ChessBase"]
[SourceDate "2020.10.23"]
[SourceVersion "1"]
[SourceVersionDate "2020.10.23"]
[SourceQuality "1"]

1. e4 e6 2. d4 d5 3. Nd2 Ne7 4. e5 g6 5. Bd3 Bg7 6. Ne2 0-0 7. Nf3 Nd7 8. 0-0 c5 9. c3 cxd4 10. cxd4 f6 11. exf6 Nxf6 12. Bf4 Ne4 13. Be5 Bxe5 14. Nxe5 Nc6 15. Nxc6 bxc6 16. Qc2 Rb8 17. b3 Qh4 18. f3 Ng5 19. Qxc6 Nh3+ 20. gxh3 Qxh3 21. Qd6 Rb6 22. Qg3 Qh6 23. Kh1 Qe3 24. f4 Qxg3 25. hxg3 Rb7 26. Kg2 Rbf7 27. Rac1 h5 28. Rh1 Rg7 29. Rcf1 h4 30. Rxh4 g5 31. fxg5 Rxf1 32. Kxf1 Rxg5 33. Kf2 e5 34. Bb5 a6 35. Bc6 exd4 36. Rxd4 Rf5+ 37. Nf4 Rxf4+ 38. Rxf4 Bd7 39. Bxd7 d4 40. Rxd4 1-0

[Event "BRA-ch U14 Girls"]
[Site "Florianopolis"]
[Date "2018.04.28"]
[Round "2"]
[White "Frattini, Beatriz Maria"]
[Black "Gomes, Sofia Leticia Pinz"]
[Result "1-0"]
[WhiteElo "1363"]
[BlackElo "1536"]
[PlyCount "93"]
[EventDate "2018.04.28"]
[EventType "swiss"]
[EventRounds "6"]
[EventCountry "BRA"]
[SourceTitle "EXT 2021"]
[Source "ChessBase"]
[SourceDate "2020.10.23"]
[SourceVersion "1"]
[SourceVersionDate "2020.10.23"]
[SourceQuality "1"]

1. e4 c5 2. Nf3 d6 3. d4 cxd4 4. Nxd4 Nf6 5. Nc3 g6 6. f3 Bg7 7. Be3 0-0 8. Bc4 Nc6 9. Bb3 Bd7 10. Qd2 Rb8 11. 0-0-0 Na5 12. Kb1 b5 13. Nd5 Nxd5 14. Bxd5 Nc4 15. Bxc4 bxc4 16. c3 a5 17. Bh6 a4 18. a3 Bxh6 19. Qxh6 Qa5 20. Qd2 e5 21. Nc2 Rb6 22. Nb4 Rfb8 23. g4 Be6 24. h4 R8b7 25. h5 Qc5 26. hxg6 fxg6 27. Rh6 Qc7 28. Ka1 Qf7 29. Qe3 Qf4 30. Qxf4 exf4 31. Rh2 Kf8 32. Nd5 Bxd5 33. Rxd5 Kg7 34. Rhd2 Rd7 35. e5 Kf7 36. Rxd6 Rdxd6 37. exd6 Ke8 38. d7+ Kd8 39. Rd4 g5 40. Rxc4 Kxd7 41. Rxa4 Ke6 42. Re4+ Kf6 43. Kb1 Rd6 44. Kc2 Rb6 45. a4 Ra6 46. b3 Ra5 47. c4 1-0

[Event "BRA-ch U14 Girls"]
[Site "Brasilia"]
[Date "2017.04.22"]
[Round "4"]
[White "Higuchi, Giulia Moser"]
[Black "Gomes, Sofia Leticia Pinz"]
[Result "0-1"]
[WhiteElo "1292"]
[BlackElo "1462"]
[PlyCount "58"]
[EventDate "2017.04.21"]
[EventType "swiss"]
[EventRounds "6"]
[EventCountry "BRA"]
[SourceTitle "CBM 177 Extra"]
[Source "ChessBase"]
[SourceDate "2017.04.27"]
[SourceVersion "1"]
[SourceVersionDate "2017.04.27"]
[SourceQuality "1"]

1. d4 Nf6 2. Nf3 g6 3. Bf4 Bg7 4. e3 d6 5. h3 0-0 6. Be2 Nbd7 7. Nbd2 c5 8. c3 a6 9. a4 Nd5 10. Bh2 b6 11. Qb3 N7f6 12. Nc4 Rb8 13. Na5 Bd7 14. Nc4 b5 15. Nxd6 bxa4 16. Qc2 exd6 17. Bxd6 Bf5 18. e4 Bxe4 19. Bd3 Bxd3 20. Qxd3 Qxd6 21. 0-0 cxd4 22. Nxd4 Qd7 23. Qxa6 Rxb2 24. Qa5 Ne4 25. Rxa4 Ndxc3 26. Rc4 Bxd4 27. Rd1 Bxf2+ 28. Kh1 Qxd1+ 29. Kh2 Qg1# 0-1

[Event "BRA-ch U14 Girls"]
[Site "Brasilia"]
[Date "2017.04.22"]
[Round "3"]
[White "Primo E Silva, Beatriz"]
[Black "Gomes, Sofia Leticia Pinz"]
[Result "1/2-1/2"]
[WhiteElo "1422"]
[BlackElo "1462"]
[PlyCount "73"]
[EventDate "2017.04.21"]
[EventType "swiss"]
[EventRounds "6"]
[EventCountry "BRA"]
[SourceTitle "CBM 177 Extra"]
[Source "ChessBase"]
[SourceDate "2017.04.27"]
[SourceVersion "1"]
[SourceVersionDate "2017.04.27"]
[SourceQuality "1"]

1. e4 c5 2. c3 d5 3. exd5 Qxd5 4. d4 e6 5. Nf3 Nc6 6. Be3 Nf6 7. Bd3 Ng4 8. Bf4 cxd4 9. cxd4 Nxd4 10. Nxd4 e5 11. Nb5 Bb4+ 12. N1c3 Qc5 13. Be3 Nxe3 14. fxe3 Qxe3+ 15. Qe2 Qxe2+ 16. Kxe2 Bg4+ 17. Ke3 0-0 18. h3 Bc5+ 19. Ke4 Be6 20. Kxe5 Rad8 21. Ne4 Rxd3 22. Nxc5 Rd5+ 23. Ke4 Rxc5 24. Nc3 Rd8 25. Rad1 Re8 26. Kd4 Rc4+ 27. Kd3 Rd8+ 28. Ke3 Rxd1 29. Rxd1 h6 30. Rd8+ Kh7 31. Rd6 Rc7 32. Rd2 Re7 33. Kf3 a6 34. a3 Bf5 35. g4 Be6 36. Re2 Rd7 37. Kf2 1/2-1/2

[Event "Sao Bento do Sul U2050 2nd"]
[Site "Sao Bento do Sul"]
[Date "2016.09.18"]
[Round "7.31"]
[White "Gomes, Sofia Leticia Pinz"]
[Black "Baldissera, Joao Pedro Costa"]
[Result "1/2-1/2"]
[WhiteElo "1452"]
[BlackElo "1320"]
[PlyCount "35"]
[EventDate "2016.09.16"]
[EventType "swiss"]
[EventRounds "7"]
[EventCountry "BRA"]
[SourceTitle "EXT 2022"]
[Source "ChessBase"]
[SourceDate "2021.10.06"]
[SourceVersion "1"]
[SourceVersionDate "2021.10.06"]
[SourceQuality "1"]

1. e4 e5 2. Nf3 Nc6 3. Bc4 Bc5 4. Nc3 Nf6 5. d3 d6 6. h3 0-0 7. Bg5 Be6 8. Nd5 Bxd5 9. Bxd5 Rb8 10. 0-0 Nb4 11. Bb3 Nc6 12. Nh2 Na5 13. Ng4 Kh8 14. Nxf6 gxf6 15. Bh4 Nxb3 16. axb3 a6 17. Qe2 Rg8 18. Qh5 1/2-1/2

[Event "Florianopolis op 2nd"]
[Site "Florianopolis"]
[Date "2016.01.17"]
[Round "3"]
[White "Yoshioka, Andre"]
[Black "Gomes, Sofia Leticia Pinz"]
[Result "1-0"]
[WhiteElo "1857"]
[BlackElo "1765"]
[PlyCount "37"]
[EventDate "2016.01.16"]
[EventType "swiss"]
[EventRounds "10"]
[EventCountry "BRA"]
[SourceTitle "CBM 170 Extra"]
[Source "ChessBase"]
[SourceDate "2016.02.25"]
[SourceVersion "1"]
[SourceVersionDate "2016.02.25"]
[SourceQuality "1"]

1. d4 Nf6 2. c4 g6 3. Nf3 Bg7 4. Nc3 d6 5. Bg5 0-0 6. e3 Nbd7 7. Be2 e5 8. dxe5 dxe5 9. 0-0 c6 10. b4 Qc7 11. Qb3 Re8 12. c5 Ng4 13. h3 e4 14. Bf4 Qd8 15. Ng5 Qf6 16. Ngxe4 Rxe4 17. Nxe4 Qe6 18. Qxe6 fxe6 19. Bxg4 1-0